Les pays qui se terminent par SIE - une minute sprint - Statistiques

Statistiques générales
  • Ce quiz a été pris 193 fois
  • Le résultat moyen est 3 sur 6
Statistiques - réponses
pays % Correct
Malaisie
81%
Indonésie
72%
Russie
55%
Tunisie
49%
Micronésie
47%
Biélorussie
35%
Aucun quiz correspondant
Distribution des résultats
% des personnes avec chaque résultat
Percentile par nombre de réponses
Votre historique - résultats
Vous n’avez pas pris ce quiz